000 00349nam a22000977a 4500
008 150624b xxu||||| |||| 00| 0 eng d
010 _8HCCRSARF:008
245 _aHIGH COURT CRIMINAL SESSION NO. 109 OF 1970 Uganda Vs 1. Stanely Mashanku 2. Karyabakora 3. Gerison Tinkamanyire
260 _aHigh Court Kampala
500 _3BEFORE: Hon. Mr. Justice M. Saied
999 _c6683
_d6683